Capitales commençant et terminant par la même lettre - Statistiques

Statistiques générales
  • Ce quiz a été pris 206 fois
  • Le résultat moyen est 6 sur 11
Statistiques - réponses
Lettres Capitales % Correct
O Oslo
77%
A Ankara
69%
N Noursoultan
65%
A Asmara
63%
A Accra
59%
A Addis-Abeba
58%
A Abuja
57%
T Tachkent
55%
A Apia
46%
S Saint-Georges
30%
S Saint John's
30%
Aucun quiz correspondant
Distribution des résultats
% des personnes avec chaque résultat
Percentile par nombre de réponses
Votre historique - résultats
Vous n’avez pas pris ce quiz